000 00380nam a2200169Ia 4500
001 1825
003 IN-NITTTR
005 20251114232921.0
008 251113s9999||||xx |||||||||||||| ||eng||
040 _beng
040 _cIN-NITTTR
041 _aeng
082 _a669 S81E
100 _aSisco, Frank T.
245 0 _aEngineering metallurgy /
_cSisco, Frank T.
942 _2ddc
_cBK
999 _c2594
_d2594